000 00279nam a2200121Ia 4500
008 190216s9999||||xx |||||||||||||| ||und||
100 _aPunindra Natha Chouidary
245 0 _aHindi-Bharath Ke Mahan Santh
260 _bAksharam
300 _a38
650 _aHindi
942 _cBK
999 _c16282
_d16282